LEADER 01319nam a2200289 u 4500 001 000000116016 003 CaOOAMICUS 005 20090605120143.0 008 090605s2003 it u000 u ita r 020 $a88-250-1381-7 040 $aPUL$bita$dPUL 245 00$aEcologia e liturgia /$cG.L. Brena ... [et al.] ; a cura di Aldo Natale Terrin. 260 $aPadova :$bEdizioni Messaggero ;$aPadova :$bAbbazia di S. Giustina,$cc2003. 300 $a331 p. ;$c21 cm 490 1 $aCaro salutis cardo.$aContributi ;$v19 504 $aBibliografia a pie' pagina. 650 4$aLiturgia e scienze.$0(OLS)http://pul/subject/35438 700 1 $aBrena, Gian Luigi,$d1940-$0(OLS)http://pul/name/26978 700 1 $aTerrin, Aldo Natale,$d1941-2024.$0(OLS)http://pul/name/398 830 0$aCaro salutis cardo.$pContributi ;$v19.$0(OLS)http://pul/title/45949 850 $aPUL 852 $aPUL$W1$xSL Religione 1$y3$m11 N 12.1.19$j132930$qStampati$B131931$CPULBib$Z2$F131931 $H110628 $82 941 1 $a8 996 $6020$a88-250-1381-7$9(OLS)http://pul/number/140994 996 $6245$aEcologia e liturgia$9(OLS)http://pul/title/145791 996 $6260$aPadova :$bEdizioni Messaggero$9(OLS)http://pul/publisher/51217 996 $6260$aPadova :$bAbbazia di S. Giustina$9(OLS)http://pul/publisher/67660 LEADER 01418nam a2200313 a 4500 001 000000125796 003 CaOOAMICUS 005 20110622120249.0 008 110622s2011 it u000 u ita r 040 $aPUL$bita 082 $a344.45 110 1 $aItalia.$0(OLS)http://pul/name/1188 240 10$aCodice del lavoro.$0(OLS)http://pul/title/148448 245 10$aCodice del lavoro :$bCostituzione, Codice Civile, Statuto dei Lavoratori, Leggi speciali e Regolamenti /$cPietro Ichino Studio legale Ichino - Bruganerlli e associati. 250 $a[2. ed.] 260 $a[s.l.] :$bItaliaOggi Erinne,$cİ2011. 300 $a925 p. ;$c19 cm. 500 $aEdizione speciale ItaliaOggi. 500 $aTesto su due colonne. 500 $aSulla cop.: Novecento Media, Cassazione.net. 650 4$aDiritto del lavoro$zItalia.$0(OLS)http://pul/subject/2593 700 1 $aIchino, Pietro.$0(OLS)http://pul/name/30097 850 $aPUL 852 $aPUL$W1$xDP2 Diritto e Scienze Sociali 3$y110$m348. 45 BZCOD 66$j144904$qDDC 21$B143913$CPULBib$Z2$F143913 $H116623 $82 941 1 $a9 996 $6082$a344.45$9(OLS)http://pul/classification/416 996 $6245$aCodice del lavoro :$bCostituzione, Codice Civile, Statuto dei Lavoratori, Leggi speciali e Regolamenti$9(OLS)http://pul/title/158732 996 $6260$a[s.l.] :$bItaliaOggi Erinne$9(OLS)http://pul/publisher/81464